000 00433nam a2200169 a 4500
001 0000-9387
003 ELIB.Books
008 110520 1952
035 _a(ELIB.Books)0000-9539
082 _a266
_bCab
100 _aCable, Mildred
245 _aWhy not for the World
260 _bLondon: The British and Foreign Bible Society
_c1952
650 _aMission
942 _2ddc
_cBK
998 _cbat
_e2011-05-20
999 _c9387
_d9387